01013nam a22002655a 45000010009000000050017000090080041000260200026000670400028000930820017001212450084001382600046002223000035002684900073003035000023003765040051003996500033004506500038004836510010005216530024005317000028005559420008005839990017005919520139006081663324620161027143646.0110201t2011 caua frbd 001 0 eng d a9781412996877 (cloth) aEG-ScBUEbengcEG-ScBUE04a178bGRE22200aGreen ethics and philosophy :ban A-to-Z guide /cJulie Newman, general editor. aLos Angeles :bSage Publication,cc.2011. axxvi, 474 p. :bill. ;c27 cm.0 aSage Reference series on Green society : toward a sustainable future aIncludes glossary. aIncludes bibliographical references and index. 7aEnvironmental ethics.2BUEsh 7aHuman ecologyxPhilosophy.2BUEsh 2BUEsh bENGGENcOctober20161 aNewman, Julie,eeditor. 2ddc c22889d22861 00102ddc40708BaccahaMAINbMAINc0THd2016-10-27ePurchaseg910.00l0o178 GREp000034585r2025-07-15 00:00:00v1138.00yREFERENCE